000 00382nam a2200145Ia 4500
008 150201s2013 xx 000 0 und d
082 _a615.323
_bI13W
100 _aWARRIER, P.K.
245 _aINDIAN MEDICAL PLANTS : A COMPENDIUM OF 500 SPECIES-3
250 _a1ST
260 _bUNIVERSITY PRESS
_aHYD, INDIA
_c2013
300 _a1-423
650 _aPHARMACOLOGY
942 _2ddc
_cBK
999 _c1652
_d1652